Biblioteca

Studies in New Testament ethics (Registro nro. 46239)

Detalles MARC
000 -LÍDER
Campo fijo de descripción fija 01204aam a2200265 4500
001 - NÚMERO DE CONTROL
Campo de control 19882
003 - IDENTIFICADOR DEL NÚMERO DE CONTROL
Campo de control CO-MdFUSB
005 - FECHA Y HORA DE LA ULTIMA TRANSACCIÓN
control field 20171109111620.0
008 - ELEMENTOS DE LONGITUD FIJA -- INFORMACIÓN GENERAL
Campo fijo de descripción fija -- Información general 170407t1961 e ||||| |||| 00| 0 eng d
040 ## - FUENTE DE CATALOGACIÓN
Agencia de catalogación original CO-MdFUSB
Idioma de catalogación spa
Agencia que realiza la transcripción CO-MdFUSB
Agencia que realiza la modificación CO-MdFUSBC
Convenciones de la descripción rda
041 ## - CÓDIGO DE IDIOMA
Código de idioma para texto/pista de sonido o título separado eng
082 04 - NÚMERO DE CLASIFICACIÓN DECIMAL DEWEY
Número de clasificación G 225.6 L34s
100 1# - ASIENTO PRINCIPAL--NOMBRE PERSONAL
Nombre personal Lillie, William
Término relacionador autor
245 00 - TÍTULO
Título del Material Studies in New Testament ethics
Mención de responsabilidad, etc. / William Lillie
264 #4 - PRODUCCIÓN, PUBLICACIÓN, DISTRIBUCIÓN, MANUFACTURA, Y COPYRIGHT
Lugar de producción, publicación, distribución, manufactura Edinburgh, Scotland:
Nombre del productor, publicador, distribuidor Oliver and Boyd,
Fecha de producción, publicación, distribución, manufactura, o copyright ©1961
300 ## - DESCRIPCIÓN FÍSICA
Extensión 189 páginas
336 ## - TIPO DE CONTENIDO
Fuente rdacontent
Término de tipo de contenido texto
Código de tipo de contenido txt
337 ## - TIPO DE MEDIO
Fuente rdamedia
Nombre del tipo de medio sin mediación
Código del tipo de medio n
338 ## - TIPO DE SOPORTE
Fuente rdacarrier
Nombre del tipo de soporte volumen
Código Tipo de soporte nc
500 ## - NOTA GENERAL
Nota General Incluye índice (p. 183-189)
501 ## - NOTA DE “CON”
Nota de Contenido Pasta dura
505 00 - NOTA DE CONTENIDO
Nota de contenido con formato preestablecido El patrimonio del Antiguo Testamento - La ley natural y el Nuevo Testamento - El ejemplo de Cristo - La gracia y la bondad - Conciencia en el Nuevo Testamento - La bondad y el conocimiento - La actitud del Nuevo Testamento a: Derecho y justicia; el estado, la riqueza, el trabajo, el matrimonio y el divorcio, los niños - Escatología y ética en el Nuevo Testamento - La concepción cristiana de la abnegación - La concepción cristiana del amor
630 07 - TITULO UNIFORME
Título uniforme Biblia.
Nombre de parte o sección de la obra Nuevo Testamento
942 ## - TIPO DE MATERIAL (KOHA)
Tipo de Item KOHA Libros General
Existencias
Estado de Material Estado de Perdido Estado de Dañado No para Préstamo Colección Tomo Biblioteca de Origen Biblioteca Permanente Fecha de Adquisición Total de Préstamos Signatura Topográfica Código de Barras Última vez visto Ejemplar/Existencia Fecha de Remplazo Tipo de Material
        Colección General   Biblioteca FUSBC Biblioteca FUSBC 25/05/2015   G 225.6 L34s 19958 12/12/2019 1 26/01/2016 Libros General

Biblioteca FUSBC | Teléfono: (57+4) 349 88 10 Ext. 141| WhatsApp (+57) 3005338115 
E-mail: biblioteca@unisbc.edu.co | Calle 76 87-14 Robledo Palenque, Medellín, Colombia

Con tecnología Koha